<?xml version="1.0" encoding="UTF-8"?><?xml-stylesheet type="text/xsl" href="static/style.xsl"?><OAI-PMH xmlns="http://www.openarchives.org/OAI/2.0/" xmlns:xsi="http://www.w3.org/2001/XMLSchema-instance" xsi:schemaLocation="http://www.openarchives.org/OAI/2.0/ http://www.openarchives.org/OAI/2.0/OAI-PMH.xsd"><responseDate>2026-04-14T16:48:50Z</responseDate><request verb="GetRecord" identifier="oai:uvadoc.uva.es:10324/44331" metadataPrefix="marc">https://uvadoc.uva.es/oai/request</request><GetRecord><record><header><identifier>oai:uvadoc.uva.es:10324/44331</identifier><datestamp>2025-03-26T19:45:15Z</datestamp><setSpec>com_10324_7462</setSpec><setSpec>com_10324_5186</setSpec><setSpec>com_10324_29291</setSpec><setSpec>col_10324_44324</setSpec></header><metadata><record xmlns="http://www.loc.gov/MARC21/slim" xmlns:doc="http://www.lyncode.com/xoai" xmlns:xsi="http://www.w3.org/2001/XMLSchema-instance" xmlns:dcterms="http://purl.org/dc/terms/" xsi:schemaLocation="http://www.loc.gov/MARC21/slim http://www.loc.gov/standards/marcxml/schema/MARC21slim.xsd">
<leader>00925njm 22002777a 4500</leader>
<datafield tag="042" ind1=" " ind2=" ">
<subfield code="a">dc</subfield>
</datafield>
<datafield tag="720" ind1=" " ind2=" ">
<subfield code="a">Robles Ortiz, Claudio</subfield>
<subfield code="e">author</subfield>
</datafield>
<datafield tag="260" ind1=" " ind2=" ">
<subfield code="c">2020</subfield>
</datafield>
<datafield tag="520" ind1=" " ind2=" ">
<subfield code="a">A través de un estudio de caso en una provincia agrícola representativa de la sociedad rural de Chile Central, este trabajo examina el papel de los trabajadores rurales en el conflicto político asociado a la implementación de la reforma agraria en Chile durante el gobierno de la Unidad Popular (1970-73). Enfocándose en una coyuntura crítica de la política local, y a la vez relevante en la política nacional, en lugar de un actor políticamente homogéneo, el artículo muestra a “campesinos en conflicto”, es decir, demuestra que distintos sectores de trabajadores agrícolas asumieron contradictorias estrategias políticas, en función de sus intereses y nociones acerca de la reforma agraria, así como producto de sus alianzas con otros actores sociales y políticos. Por ello, también se propone que la construcción de una pluralidad de historias políticas locales es necesaria para superar generalizaciones e idealizaciones sobre la política de los “campesinos”.</subfield>
</datafield>
<datafield tag="024" ind2=" " ind1="8">
<subfield code="a">Investigaciones Históricas. Época Moderna y Contemporánea; Núm. 40 (2020) pags. 27-56</subfield>
</datafield>
<datafield tag="024" ind2=" " ind1="8">
<subfield code="a">2530-6472</subfield>
</datafield>
<datafield tag="024" ind2=" " ind1="8">
<subfield code="a">http://uvadoc.uva.es/handle/10324/44331</subfield>
</datafield>
<datafield tag="024" ind2=" " ind1="8">
<subfield code="a">10.24197/ihemc.40.2020.27-56</subfield>
</datafield>
<datafield tag="024" ind2=" " ind1="8">
<subfield code="a">27</subfield>
</datafield>
<datafield tag="024" ind2=" " ind1="8">
<subfield code="a">40</subfield>
</datafield>
<datafield tag="024" ind2=" " ind1="8">
<subfield code="a">56</subfield>
</datafield>
<datafield ind1=" " ind2=" " tag="653">
<subfield code="a">Historia moderna y contemporánea</subfield>
</datafield>
<datafield tag="245" ind1="0" ind2="0">
<subfield code="a">Campesinos en conflicto: a reforma agraria de la Unidad Popular en Colchagua (Chile)</subfield>
</datafield>
</record></metadata></record></GetRecord></OAI-PMH>